| 000 | 00455nam a22001697a 4500 | ||
|---|---|---|---|
| 999 |
_c922 _d922 |
||
| 003 | OSt | ||
| 005 | 20200306164327.0 | ||
| 008 | 180830b ||||| |||| 00| 0 eng d | ||
| 040 | _cDLC | ||
| 082 |
_a248.4 _bV572E |
||
| 100 | _aVerwer, George | ||
| 245 |
_aExtremism : _bA Plea for a balance in the Christian Life/ _cGeorge Verwer |
||
| 260 |
_aBombay: _bGlobal Literature Service, _cc1964. |
||
| 300 | _a21 p.: | ||
| 650 | _aChristian Life | ||
| 942 |
_2ddc _cBK |
||